[Event "U12-U20 French Championships"]
[Site "chess24.com"]
[Date "2019.04.15"]
[Round "3"]
[White "Gospodaru, Teodora"]
[Black "Rozec, Mialy"]
[Result "1/2-1/2"]
[Board "26"]
[WhiteElo "1888"]
[WhiteCountry "FRA"]
[WhiteFideId "26089661"]
[WhiteEloChange "-5"]
[BlackElo "1683"]
[BlackCountry "FRA"]
[BlackFideId "26092409"]
[BlackEloChange "5"]

1. d4 {[%clk 1:30:57]} d5 {[%clk 1:30:45]} 2. Nf3 {[%clk 1:31:20]} Nf6 {[%clk
1:31:03]} 3. c4 {[%clk 1:31:44]} dxc4 {[%clk 1:30:42]} 4. e3 {[%clk 1:32:02]} a6
{[%clk 1:31:05]} 5. a4 {[%clk 1:31:34]} e6 {[%clk 1:30:52]} 6. Bxc4 {[%clk
1:31:14]} c5 {[%clk 1:30:16]} 7. Nc3 {[%clk 1:29:40]} Be7 {[%clk 1:26:16]} 8. O-O
{[%clk 1:28:18]} O-O {[%clk 1:26:40]} 9. Qe2 {[%clk 1:23:07]} Nc6 {[%clk
1:26:01]} 10. Rd1 {[%clk 1:22:21]} Qc7 {[%clk 1:25:16]} 11. Bb3 {[%clk 1:14:56]}
Rd8 {[%clk 1:22:25]} 12. Bc2 {[%clk 1:13:27]} h6 {[%clk 1:21:50]} 13. Qc4 {[%clk
1:05:09]} Nb4 {[%clk 1:18:36]} 14. Bb1 {[%clk 1:02:32]} Bd7 {[%clk 1:12:51]} 15.
a5 {[%clk 0:49:03]} Rac8 {[%clk 1:06:43]} 16. Qe2 {[%clk 0:43:30]} Nc6 {[%clk
0:57:10]} 17. Bd2 {[%clk 0:38:37]} cxd4 {[%clk 0:42:42]} 18. exd4 {[%clk
0:38:03]} Be8 {[%clk 0:34:57]} 19. Be1 {[%clk 0:26:39]} Nxa5 {[%clk 0:31:13]} 20.
Ne4 {[%clk 0:24:00]} Nc6 {[%clk 0:27:36]} 21. Nxf6+ {[%clk 0:23:59]} Bxf6 {[%clk
0:27:55]} 22. Qe4 {[%clk 0:23:13]} Qb6 {[%clk 0:20:21]} 23. Bc3 {[%clk 0:23:23]}
Nxd4 {[%clk 0:16:34]} 24. Bxd4 {[%clk 0:18:46]} Bxd4 {[%clk 0:16:40]} 25. Nxd4
{[%clk 0:18:58]} Rxd4 {[%clk 0:13:23]} 26. Qxd4 {[%clk 0:00:26]} Qxd4 {[%clk
0:13:12]} 27. Bh7+ {[%clk 0:19:30]} Kxh7 {[%clk 0:13:36]} 28. Rxd4 {[%clk
0:19:57]} Rc2 {[%clk 0:12:58]} 29. Rb4 {[%clk 0:18:03]} Bc6 {[%clk 0:13:12]} 30.
h3 {[%clk 0:18:12]} g5 {[%clk 0:12:04]} 31. Re1 {[%clk 0:13:40]} Kg6 {[%clk
0:11:24]} 32. Re3 {[%clk 0:12:40]} Kf6 {[%clk 0:05:34]} 33. Rbb3 {[%clk 0:09:40]}
Ke7 {[%clk 0:04:57]} 34. Rec3 {[%clk 0:09:10]} Rxc3 {[%clk 0:04:37]} 35. Rxc3
{[%clk 0:09:35]} f5 {[%clk 0:04:23]} 36. g3 {[%clk 0:07:30]} e5 {[%clk 0:04:02]}
37. Re3 {[%clk 0:06:32]} Ke6 {[%clk 0:03:37]} 38. f4 {[%clk 0:05:28]} e4 {[%clk
0:04:02]} 39. Kf2 {[%clk 0:04:52]} a5 {[%clk 0:03:52]} 40. Rc3 {[%clk 0:04:26]}
Kd5 {[%clk 0:03:04]} 41. Ke3 {[%clk 0:04:11]} b5 {[%clk 0:01:40]} 42. Rc1 {[%clk
0:03:03]} a4 {[%clk 0:01:09]} 43. Ra1 {[%clk 0:01:21]} Kd6 {[%clk 0:00:51]} 44.
Kd4 {[%clk 0:01:31]} Bd5 {[%clk 0:01:07]} 45. Rc1 {[%clk 0:00:39]} Bc4 {[%clk
0:01:20]} 46. h4 {[%clk 0:01:00]} g4 {[%clk 0:00:53]} 47. Rc3 {[%clk 0:01:05]} h5
{[%clk 0:00:51]} 48. Rc1 {[%clk 0:01:27]} Ke6 {[%clk 0:00:37]} 49. Re1 {[%clk
0:01:37]} Kd6 {[%clk 0:01:01]} 50. Re3 {[%clk 0:02:03]} Bd3 {[%clk 0:00:51]} 51.
Re1 {[%clk 0:02:01]} Bc4 {[%clk 0:00:46]} 52. Rc1 {[%clk 0:02:24]} Ke6 {[%clk
0:01:08]} 53. Rc2 {[%clk 0:01:45]} Kd6 {[%clk 0:01:22]} 54. Rc3 {[%clk 0:01:34]}
Ke6 {[%clk 0:01:03]} 55. Kc5 {[%clk 0:01:08]} Kd7 {[%clk 0:01:00]} 56. Re3 {[%clk
0:00:58]} Ke6 {[%clk 0:00:48]} 57. Re1 {[%clk 0:00:56]} Bd3 {[%clk 0:00:41]} 58.
Re3 {[%clk 0:00:45]} 1/2-1/2

[Event "U12-U20 French Championships"]
[Site "chess24.com"]
[Date "2019.04.15"]
[Round "3"]
[White "Verhille, Elie"]
[Black "Mathieu, Phileas"]
[Result "1-0"]
[Board "28"]
[WhiteElo "1960"]
[WhiteCountry "FRA"]
[WhiteFideId "36044385"]
[WhiteEloChange "14"]
[BlackElo "2105"]
[BlackCountry "FRA"]
[BlackFideId "36048410"]
[BlackEloChange "-14"]

1. e4 {[%clk 1:30:58]} c5 {[%clk 1:30:42]} 2. Nf3 {[%clk 1:31:24]} Nc6 {[%clk
1:31:10]} 3. Bb5 {[%clk 1:31:48]} d6 {[%clk 1:31:37]} 4. O-O {[%clk 1:32:14]} Nf6
{[%clk 1:31:13]} 5. Re1 {[%clk 1:32:00]} Bd7 {[%clk 1:30:31]} 6. c3 {[%clk
1:32:08]} a6 {[%clk 1:30:49]} 7. Bf1 {[%clk 1:32:27]} Bg4 {[%clk 1:31:07]} 8. h3
{[%clk 1:32:46]} Bh5 {[%clk 1:30:34]} 9. g4 {[%clk 1:29:49]} Bg6 {[%clk 1:30:50]}
10. d4 {[%clk 1:30:01]} e5 {[%clk 1:12:50]} 11. Bg2 {[%clk 1:21:43]} Be7 {[%clk
1:11:16]} 12. dxe5 {[%clk 1:16:52]} Nxe4 {[%clk 1:00:33]} 13. exd6 {[%clk
1:11:18]} Qxd6 {[%clk 0:50:56]} 14. Qxd6 {[%clk 1:09:58]} Nxd6 {[%clk 0:48:51]}
15. Bf4 {[%clk 1:06:56]} O-O-O {[%clk 0:48:34]} 16. Nbd2 {[%clk 1:04:59]} Rhe8
{[%clk 0:47:18]} 17. a4 {[%clk 1:02:58]} Bd3 {[%clk 0:36:59]} 18. Ne5 {[%clk
0:56:12]} Nxe5 {[%clk 0:37:06]} 19. Rxe5 {[%clk 0:56:17]} Nc4 {[%clk 0:31:45]}
20. Nxc4 {[%clk 0:54:32]} Bxc4 {[%clk 0:32:14]} 21. Rae1 {[%clk 0:53:15]} Be6
{[%clk 0:30:59]} 22. Bg5 {[%clk 0:50:07]} h6 {[%clk 0:12:10]} 23. Bxe7 {[%clk
0:47:28]} Rxe7 {[%clk 0:12:39]} 24. Rxc5+ {[%clk 0:47:52]} Rc7 {[%clk 0:13:06]}
25. Rxc7+ {[%clk 0:42:01]} Kxc7 {[%clk 0:13:35]} 26. f4 {[%clk 0:40:13]} Rd7
{[%clk 0:11:21]} 27. b4 {[%clk 0:36:40]} b6 {[%clk 0:07:41]} 28. f5 {[%clk
0:32:07]} Bc4 {[%clk 0:04:22]} 29. Bf1 {[%clk 0:31:46]} Bxf1 {[%clk 0:02:51]} 30.
Kxf1 {[%clk 0:31:51]} Kc6 {[%clk 0:03:19]} 31. Ke2 {[%clk 0:28:38]} g6 {[%clk
0:01:56]} 32. Kf3 {[%clk 0:24:44]} gxf5 {[%clk 0:01:41]} 33. gxf5 {[%clk
0:25:14]} a5 {[%clk 0:01:02]} 34. Re3 {[%clk 0:24:33]} axb4 {[%clk 0:00:48]} 35.
cxb4 {[%clk 0:25:03]} Ra7 {[%clk 0:01:18]} 36. b5+ {[%clk 0:20:56]} Kd5 {[%clk
0:01:32]} 37. Re4 {[%clk 0:17:11]} Ra8 {[%clk 0:00:42]} 38. Ke3 {[%clk 0:13:07]}
Ra7 {[%clk 0:00:51]} 39. Kd3 {[%clk 0:12:41]} Ra8 {[%clk 0:01:06]} 40. Rh4 {[%clk
0:12:10]} Ke5 {[%clk 0:00:27]} 41. Rxh6 {[%clk 0:11:49]} Rxa4 {[%clk 0:00:47]}
42. Rxb6 {[%clk 0:11:57]} Kxf5 {[%clk 0:00:17]} 43. Rb8 {[%clk 0:11:41]} Ke6
{[%clk 0:00:26]} 44. Kc3 {[%clk 0:08:53]} Rh4 {[%clk 0:00:20]} 45. Rc8 {[%clk
0:07:11]} Kd7 {[%clk 0:00:20]} 46. Rc4 {[%clk 0:07:31]} Rxh3+ {[%clk 0:00:34]}
47. Kb4 {[%clk 0:07:45]} Rh1 {[%clk 0:00:23]} 48. b6 {[%clk 0:07:59]} Ra1 {[%clk
0:00:12]} 49. Kb5 {[%clk 0:07:45]} f5 {[%clk 0:00:06]} 50. b7 {[%clk 0:07:34]}
Rb1+ {[%clk 0:00:31]} 51. Ka6 {[%clk 0:07:38]} Ra1+ {[%clk 0:00:31]} 52. Kb6
{[%clk 0:07:59]} Rb1+ {[%clk 0:00:55]} 53. Ka7 {[%clk 0:08:24]} Ra1+ {[%clk
0:01:10]} 54. Kb8 {[%clk 0:08:49]} Rb1 {[%clk 0:00:08]} 55. Rf4 {[%clk 0:08:58]}
Ke6 {[%clk 0:00:02]} 56. Kc7 {[%clk 0:08:57]} Ke5 {[%clk 0:00:22]} 57. Rf1 {[%clk
0:04:01]} Rxf1 {[%clk 0:00:01]} 58. b8Q {[%clk 0:04:26]} Rf3 {[%clk 0:00:06]} 59.
Kd7+ {[%clk 0:04:20]} Ke4 {[%clk 0:00:05]} 60. Ke6 {[%clk 0:03:33]} Ke3 {[%clk
0:00:16]} 61. Qe5+ {[%clk 0:03:22]} Kf2 {[%clk 0:00:41]} 62. Qh2+ {[%clk
0:03:48]} Kf1 {[%clk 0:00:21]} 63. Qh1+ {[%clk 0:03:37]} Kf2 {[%clk 0:00:46]} 64.
Ke5 {[%clk 0:03:21]} Ke2 {[%clk 0:00:20]} 65. Qh5 {[%clk 0:02:45]} Kf2 {[%clk
0:00:40]} 66. Qh6 {[%clk 0:01:27]} Kg2 {[%clk 0:00:45]} 67. Qg7+ {[%clk 0:01:42]}
Kf2 {[%clk 0:01:00]} 68. Qa7+ {[%clk 0:02:07]} Kg2 {[%clk 0:01:10]} 69. Qd4
{[%clk 0:02:06]} Kh2 {[%clk 0:00:29]} 70. Qd2+ {[%clk 0:02:01]} Kg3 {[%clk
0:00:24]} 71. Qd1 {[%clk 0:02:26]} Kg2 {[%clk 0:00:38]} 72. Qe1 {[%clk 0:02:26]}
Kh2 {[%clk 0:00:18]} 73. Qe2+ {[%clk 0:02:30]} Kg3 {[%clk 0:00:33]} 74. Qd2
{[%clk 0:02:45]} Kh3 {[%clk 0:00:23]} 75. Qc2 {[%clk 0:03:00]} Kg3 {[%clk
0:00:28]} 76. Qe2 {[%clk 0:03:04]} Rf2 {[%clk 0:00:06]} 77. Qe3+ {[%clk 0:03:19]}
Kg2 {[%clk 0:00:11]} 78. Qg5+ {[%clk 0:03:38]} Kh3 {[%clk 0:00:21]} 79. Kf6
{[%clk 0:03:38]} Rf3 {[%clk 0:00:20]} 80. Qg1 {[%clk 0:03:38]} Kh4 {[%clk
0:00:04]} 81. Qg2 {[%clk 0:03:28]} Rg3 {[%clk 0:00:03]} 82. Qf2 {[%clk 0:03:43]}
Kh3 {[%clk 0:00:01]} 83. Qxf5+ {[%clk 0:03:36]} Kg2 {[%clk 0:00:11]} 84. Qe4+
{[%clk 0:03:26]} Kh2 {[%clk 0:00:16]} 85. Kf5 {[%clk 0:03:35]} Kg1 {[%clk
0:00:06]} 86. Kf4 {[%clk 0:03:55]} Rg2 {[%clk 0:00:30]} 87. Kf3 {[%clk 0:04:20]}
Kh2 {[%clk 0:00:24]} 88. Qh7+ {[%clk 0:04:30]} Kg1 {[%clk 0:00:49]} 89. Qh4
{[%clk 0:04:55]} Ra2 {[%clk 0:00:14]} 90. Qg5+ {[%clk 0:04:39]} Kh1 {[%clk
0:00:29]} 91. Qh6+ {[%clk 0:04:54]} Kg1 {[%clk 0:00:44]} 92. Qg6+ {[%clk
0:05:18]} Kh2 {[%clk 0:00:53]} 93. Qh7+ {[%clk 0:05:38]} 1-0

[Event "U12-U20 French Championships"]
[Site "chess24.com"]
[Date "2019.04.15"]
[Round "3"]
[White "Droin, Augustin"]
[Black "Emmenecker, Pierre-Antoine"]
[Result "1-0"]
[Board "29"]
[WhiteElo "2088"]
[WhiteCountry "FRA"]
[WhiteFideId "45105987"]
[WhiteEloChange "6"]
[BlackElo "1950"]
[BlackCountry "FRA"]
[BlackFideId "36031321"]
[BlackEloChange "-6"]

1. e4 {[%clk 0:00:05]} e5 {[%clk 1:29:46]} 2. Nf3 {[%clk 1:30:57]} Nc6 {[%clk
1:30:11]} 3. Bb5 {[%clk 1:31:12]} Bc5 {[%clk 1:30:36]} 4. O-O {[%clk 1:30:59]}
Nd4 {[%clk 1:31:05]} 5. Nxd4 {[%clk 1:31:08]} Bxd4 {[%clk 1:31:33]} 6. d3 {[%clk
1:24:47]} Nf6 {[%clk 1:24:19]} 7. Nd2 {[%clk 1:23:49]} c6 {[%clk 1:22:33]} 8. Ba4
{[%clk 1:24:02]} d6 {[%clk 1:21:07]} 9. h3 {[%clk 1:22:35]} h6 {[%clk 1:18:12]}
10. c3 {[%clk 1:18:12]} Bb6 {[%clk 1:18:41]} 11. Nc4 {[%clk 1:18:11]} Bc7 {[%clk
1:17:56]} 12. Bc2 {[%clk 1:16:22]} Be6 {[%clk 1:12:43]} 13. Ne3 {[%clk 1:16:01]}
d5 {[%clk 1:11:36]} 14. Qf3 {[%clk 1:04:23]} Qd7 {[%clk 1:06:46]} 15. Ba4 {[%clk
1:02:47]} O-O-O {[%clk 1:00:22]} 16. Rd1 {[%clk 0:55:16]} Qe7 {[%clk 0:43:48]}
17. Nf5 {[%clk 0:50:25]} Bxf5 {[%clk 0:39:19]} 18. Qxf5+ {[%clk 0:49:45]} Kb8
{[%clk 0:37:30]} 19. b4 {[%clk 0:43:23]} d4 {[%clk 0:33:28]} 20. Bd2 {[%clk
0:43:34]} dxc3 {[%clk 0:30:14]} 21. Bxc3 {[%clk 0:43:44]} g6 {[%clk 0:30:07]} 22.
Qf3 {[%clk 0:43:48]} Bb6 {[%clk 0:29:19]} 23. Rac1 {[%clk 0:40:19]} Bd4 {[%clk
0:28:35]} 24. a3 {[%clk 0:38:47]} Bxc3 {[%clk 0:25:05]} 25. Rxc3 {[%clk 0:39:07]}
Rd4 {[%clk 0:25:33]} 26. Bb3 {[%clk 0:36:51]} Rhd8 {[%clk 0:25:00]} 27. g3 {[%clk
0:32:17]} R4d7 {[%clk 0:20:03]} 28. Qe3 {[%clk 0:28:56]} h5 {[%clk 0:18:45]} 29.
Kg2 {[%clk 0:28:41]} Ne8 {[%clk 0:18:47]} 30. f4 {[%clk 0:26:56]} Nd6 {[%clk
0:16:49]} 31. Rc5 {[%clk 0:26:47]} exf4 {[%clk 0:15:11]} 32. Qxf4 {[%clk
0:26:48]} Ka8 {[%clk 0:13:22]} 33. Re5 {[%clk 0:23:19]} Qf8 {[%clk 0:13:51]} 34.
Rf1 {[%clk 0:23:31]} Nb5 {[%clk 0:11:07]} 35. Bxf7 {[%clk 0:22:08]} Rxd3 {[%clk
0:10:45]} 36. Rf2 {[%clk 0:22:17]} Nxa3 {[%clk 0:09:42]} 37. Bxg6 {[%clk
0:22:16]} Qxb4 {[%clk 0:09:51]} 38. Rxh5 {[%clk 0:22:31]} Nc4 {[%clk 0:08:57]}
39. e5 {[%clk 0:12:11]} Rd1 {[%clk 0:08:37]} 40. h4 {[%clk 0:11:11]} Qe1 {[%clk
0:08:31]} 41. Kh3 {[%clk 0:11:03]} Ne3 {[%clk 0:06:09]} 42. Be4 {[%clk 0:11:00]}
Nd5 {[%clk 0:01:36]} 43. Bxd5 {[%clk 0:10:53]} R1xd5 {[%clk 0:01:35]} 44. Qf6
{[%clk 0:07:57]} Qh1+ {[%clk 0:01:13]} 45. Rh2 {[%clk 0:08:13]} Qd1 {[%clk
0:00:47]} 46. Rh8 {[%clk 0:08:25]} Rxh8 {[%clk 0:00:41]} 47. Qxh8+ {[%clk
0:00:06]} Rd8 {[%clk 0:01:09]} 48. Qf6 {[%clk 0:09:13]} Re8 {[%clk 0:00:59]} 49.
Qf7 {[%clk 0:08:40]} Qd8 {[%clk 0:00:54]} 50. e6 {[%clk 0:07:33]} Re7 {[%clk
0:00:39]} 51. Rd2 {[%clk 0:07:12]} Qe8 {[%clk 0:00:56]} 52. Qxe8+ {[%clk
0:07:37]} Rxe8 {[%clk 0:01:22]} 53. e7 {[%clk 0:08:04]} 1-0

[Event "U12-U20 French Championships"]
[Site "chess24.com"]
[Date "2019.04.15"]
[Round "3"]
[White "Durup De Baleine, Come"]
[Black "Roux, Baptiste"]
[Result "0-1"]
[Board "30"]
[WhiteElo "1421"]
[WhiteCountry "FRA"]
[WhiteFideId "45116555"]
[WhiteEloChange "-2"]
[BlackElo "2054"]
[BlackCountry "FRA"]
[BlackFideId "36017450"]
[BlackEloChange "2"]

1. e4 {[%clk 1:30:56]} c5 {[%clk 1:30:06]} 2. Nc3 {[%clk 1:31:15]} Nc6 {[%clk
1:30:14]} 3. f4 {[%clk 1:31:19]} g6 {[%clk 1:30:08]} 4. Nf3 {[%clk 1:31:17]} Bg7
{[%clk 1:30:32]} 5. Bc4 {[%clk 1:31:26]} e6 {[%clk 1:30:20]} 6. d3 {[%clk
1:31:41]} Nge7 {[%clk 1:30:31]} 7. O-O {[%clk 1:31:50]} O-O {[%clk 1:29:23]} 8.
Qe1 {[%clk 1:31:43]} Nd4 {[%clk 1:29:32]} 9. Nxd4 {[%clk 1:30:59]} cxd4 {[%clk
1:29:56]} 10. Ne2 {[%clk 1:30:44]} d5 {[%clk 1:29:38]} 11. Bb3 {[%clk 1:30:30]}
a5 {[%clk 1:27:16]} 12. a4 {[%clk 1:28:12]} dxe4 {[%clk 1:25:20]} 13. dxe4 {[%clk
1:27:17]} d3 {[%clk 1:24:32]} 14. cxd3 {[%clk 1:24:15]} Qb6+ {[%clk 1:24:46]} 15.
Kh1 {[%clk 1:23:57]} Qxb3 {[%clk 1:25:00]} 16. Qh4 {[%clk 1:23:40]} Qxd3 {[%clk
1:24:09]} 17. Ng3 {[%clk 1:16:37]} Nc6 {[%clk 1:22:24]} 18. Ra3 {[%clk 1:16:30]}
Qd8 {[%clk 1:22:15]} 19. Qh3 {[%clk 1:16:17]} f5 {[%clk 1:21:55]} 20. Be3 {[%clk
1:13:31]} b6 {[%clk 1:20:47]} 21. Ne2 {[%clk 1:12:30]} Ba6 {[%clk 1:20:03]} 22.
exf5 {[%clk 1:05:23]} exf5 {[%clk 1:19:46]} 23. Nd4 {[%clk 1:03:58]} Nxd4 {[%clk
1:18:24]} 24. Rd1 {[%clk 1:03:37]} Qe7 {[%clk 1:17:23]} 25. Bxd4 {[%clk 1:02:09]}
Bxd4 {[%clk 1:17:39]} 26. g4 {[%clk 1:01:35]} Bb7+ {[%clk 1:17:44]} 27. Rf3
{[%clk 1:01:18]} Qe2 {[%clk 1:16:46]} 28. Rf1 {[%clk 1:00:34]} fxg4 {[%clk
1:16:56]} 29. Qxg4 {[%clk 1:00:06]} Qxf1+ {[%clk 1:17:16]} 0-1

[Event "U12-U20 French Championships"]
[Site "chess24.com"]
[Date "2019.04.15"]
[Round "3"]
[White "Maurizzi, Marc Andria"]
[Black "Strasser, Rouben"]
[Result "1-0"]
[Board "35"]
[WhiteTitle "FM"]
[WhiteElo "2276"]
[WhiteCountry "FRA"]
[WhiteFideId "36083534"]
[WhiteEloChange "2"]
[BlackElo "1611"]
[BlackCountry "FRA"]
[BlackFideId "45100500"]
[BlackEloChange "-2"]

1. e4 {[%clk 1:30:56]} c5 {[%clk 1:30:56]} 2. Nc3 {[%clk 1:31:23]} Nc6 {[%clk
1:31:23]} 3. Bb5 {[%clk 1:31:43]} g6 {[%clk 1:31:27]} 4. Bxc6 {[%clk 1:32:08]}
bxc6 {[%clk 1:31:52]} 5. d3 {[%clk 1:32:28]} Bg7 {[%clk 1:32:10]} 6. f4 {[%clk
1:32:54]} d6 {[%clk 1:32:24]} 7. Nf3 {[%clk 1:33:18]} Nf6 {[%clk 1:31:42]} 8. O-O
{[%clk 1:33:42]} O-O {[%clk 1:32:07]} 9. Qe1 {[%clk 1:33:35]} Ne8 {[%clk
1:29:47]} 10. f5 {[%clk 1:29:36]} e6 {[%clk 1:27:23]} 11. fxe6 {[%clk 1:22:22]}
fxe6 {[%clk 1:27:26]} 12. e5 {[%clk 1:19:24]} d5 {[%clk 1:27:10]} 13. Na4 {[%clk
1:17:36]} c4 {[%clk 1:24:21]} 14. Bg5 {[%clk 1:17:24]} Qc7 {[%clk 1:23:10]} 15.
d4 {[%clk 1:17:17]} a5 {[%clk 1:20:34]} 16. Nc5 {[%clk 1:13:05]} Ra7 {[%clk
1:20:35]} 17. Qh4 {[%clk 1:13:03]} Qb8 {[%clk 1:20:25]} 18. b3 {[%clk 1:10:29]}
cxb3 {[%clk 1:20:29]} 19. axb3 {[%clk 1:10:46]} Qb6 {[%clk 1:16:49]} 20. Bd2
{[%clk 1:04:59]} Nc7 {[%clk 1:13:24]} 21. Ng5 {[%clk 0:59:37]} h6 {[%clk
1:13:38]} 22. Rxf8+ {[%clk 0:58:47]} Bxf8 {[%clk 1:13:49]} 23. Rf1 {[%clk
0:54:52]} hxg5 {[%clk 1:07:18]} 24. Rxf8+ {[%clk 0:54:37]} Kxf8 {[%clk 1:07:42]}
25. Qh8+ {[%clk 0:55:01]} Kf7 {[%clk 1:07:53]} 26. Qf6+ {[%clk 0:55:11]} Kg8
{[%clk 1:07:48]} 27. Qxg6+ {[%clk 0:55:31]} Kf8 {[%clk 1:07:44]} 28. Qf6+ {[%clk
0:55:30]} Kg8 {[%clk 1:07:50]} 29. Qxg5+ {[%clk 0:55:42]} Kf8 {[%clk 1:07:41]}
30. Qh6+ {[%clk 0:55:33]} Kf7 {[%clk 1:07:33]} 31. Qh7+ {[%clk 0:55:56]} Ke8
{[%clk 1:07:44]} 32. Qg8+ {[%clk 0:56:18]} 1-0

[Event "U12-U20 French Championships"]
[Site "chess24.com"]
[Date "2019.04.15"]
[Round "3"]
[White "Garrigue, Julian"]
[Black "Mekhane, Adam"]
[Result "0-1"]
[Board "38"]
[WhiteElo "1562"]
[WhiteCountry "FRA"]
[WhiteFideId "551014602"]
[WhiteEloChange "-2"]
[BlackElo "1995"]
[BlackCountry "FRA"]
[BlackFideId "36050601"]
[BlackEloChange "2"]

1. e4 {[%clk 1:30:54]} c5 {[%clk 1:30:47]} 2. d4 {[%clk 1:31:17]} cxd4 {[%clk
1:31:12]} 3. c3 {[%clk 1:31:44]} Nf6 {[%clk 1:31:32]} 4. e5 {[%clk 1:32:10]} Nd5
{[%clk 1:31:59]} 5. cxd4 {[%clk 1:32:34]} d6 {[%clk 1:32:22]} 6. Nf3 {[%clk
1:31:46]} Nc6 {[%clk 1:32:48]} 7. Bc4 {[%clk 1:29:39]} Nb6 {[%clk 1:33:13]} 8.
Bd3 {[%clk 1:29:24]} g6 {[%clk 1:25:39]} 9. O-O {[%clk 1:27:45]} Bg7 {[%clk
1:25:18]} 10. Re1 {[%clk 1:25:50]} O-O {[%clk 1:25:15]} 11. Bf4 {[%clk 1:23:25]}
Bg4 {[%clk 1:22:27]} 12. Be2 {[%clk 1:16:47]} dxe5 {[%clk 1:12:30]} 13. dxe5
{[%clk 1:15:21]} Bxf3 {[%clk 1:12:15]} 14. Bxf3 {[%clk 1:15:38]} Qxd1 {[%clk
1:12:34]} 15. Bxd1 {[%clk 1:15:33]} Nc4 {[%clk 1:12:28]} 16. Bc2 {[%clk 1:13:51]}
N4xe5 {[%clk 1:09:56]} 17. Nc3 {[%clk 1:12:38]} Nc4 {[%clk 1:06:50]} 18. Bc1
{[%clk 1:00:19]} Rfd8 {[%clk 1:01:40]} 19. Rd1 {[%clk 0:56:34]} Nb4 {[%clk
0:54:51]} 20. Bb3 {[%clk 0:52:03]} Rxd1+ {[%clk 0:53:40]} 21. Bxd1 {[%clk
0:51:02]} Nd3 {[%clk 0:52:39]} 22. Na4 {[%clk 0:42:58]} b5 {[%clk 0:48:18]} 23.
Be2 {[%clk 0:42:52]} Rd8 {[%clk 0:46:30]} 24. Nc3 {[%clk 0:41:56]} b4 {[%clk
0:40:06]} 25. Na4 {[%clk 0:42:04]} Rd7 {[%clk 0:38:20]} 26. Rb1 {[%clk 0:40:09]}
h5 {[%clk 0:31:11]} 27. b3 {[%clk 0:39:01]} Nxc1 {[%clk 0:30:01]} 28. Rxc1 {[%clk
0:38:52]} Ne5 {[%clk 0:30:04]} 29. f4 {[%clk 0:38:19]} Ng4 {[%clk 0:22:39]} 30.
h3 {[%clk 0:32:45]} Ne3 {[%clk 0:17:40]} 31. Kf2 {[%clk 0:30:43]} Nd5 {[%clk
0:15:46]} 32. Rd1 {[%clk 0:29:58]} e6 {[%clk 0:13:36]} 33. g4 {[%clk 0:27:47]}
hxg4 {[%clk 0:11:30]} 34. hxg4 {[%clk 0:27:29]} Rc7 {[%clk 0:11:29]} 35. Kf3
{[%clk 0:25:50]} Rc2 {[%clk 0:11:04]} 36. Bc4 {[%clk 0:25:54]} Nc3 {[%clk
0:09:34]} 37. Rd8+ {[%clk 0:25:37]} Kh7 {[%clk 0:09:46]} 38. Bd3 {[%clk 0:25:21]}
Rxa2 {[%clk 0:00:59]} 39. Rb8 {[%clk 0:24:30]} Nxa4 {[%clk 0:08:01]} 40. bxa4
{[%clk 0:24:55]} Rxa4 {[%clk 0:07:57]} 41. Bc2 {[%clk 0:24:54]} Ra3+ {[%clk
0:08:07]} 42. Ke4 {[%clk 0:25:09]} Bc3 {[%clk 0:07:44]} 43. f5 {[%clk 0:24:38]}
gxf5+ {[%clk 0:07:18]} 44. gxf5 {[%clk 0:25:02]} exf5+ {[%clk 0:07:33]} 45. Kxf5
{[%clk 0:25:13]} Kg7 {[%clk 0:07:57]} 46. Rb5 {[%clk 0:25:22]} a5 {[%clk
0:08:10]} 47. Kg5 {[%clk 0:25:09]} a4 {[%clk 0:08:07]} 48. Rc5 {[%clk 0:24:06]}
Bf6+ {[%clk 0:08:06]} 49. Kf4 {[%clk 0:23:36]} b3 {[%clk 0:08:17]} 50. Bb1 {[%clk
0:23:47]} Ra1 {[%clk 0:08:30]} 51. Rc1 {[%clk 0:24:02]} a3 {[%clk 0:08:43]} 0-1

[Event "U12-U20 French Championships"]
[Site "chess24.com"]
[Date "2019.04.15"]
[Round "3"]
[White "Schippke, Manon"]
[Black "Forges-Boulanger, Julie"]
[Result "1-0"]
[Board "39"]
[WhiteElo "1646"]
[WhiteCountry "FRA"]
[WhiteFideId "45100446"]
[WhiteEloChange "3"]
[BlackElo "1371"]
[BlackCountry "FRA"]
[BlackFideId "36099490"]
[BlackEloChange "-3"]

1. e4 {[%clk 1:30:54]} c6 {[%clk 1:30:57]} 2. b3 {[%clk 1:31:15]} d5 {[%clk
1:30:45]} 3. Bb2 {[%clk 1:30:13]} dxe4 {[%clk 1:29:14]} 4. Nc3 {[%clk 1:30:18]}
Bf5 {[%clk 1:29:00]} 5. g4 {[%clk 1:25:53]} Bg6 {[%clk 1:26:31]} 6. Bg2 {[%clk
1:25:37]} Nf6 {[%clk 1:25:35]} 7. Qe2 {[%clk 1:20:30]} e6 {[%clk 1:12:33]} 8.
Nxe4 {[%clk 1:15:58]} Nxe4 {[%clk 1:10:21]} 9. Bxe4 {[%clk 1:16:01]} Bxe4 {[%clk
1:10:28]} 10. Qxe4 {[%clk 1:16:17]} Qd5 {[%clk 1:09:18]} 11. Qxd5 {[%clk
1:16:28]} cxd5 {[%clk 1:05:53]} 12. f4 {[%clk 1:12:48]} f6 {[%clk 0:59:26]} 13.
O-O-O {[%clk 1:08:18]} Nd7 {[%clk 0:46:20]} 14. Re1 {[%clk 1:03:46]} Kf7 {[%clk
0:44:08]} 15. Ne2 {[%clk 0:59:19]} Re8 {[%clk 0:41:36]} 16. Rhf1 {[%clk 0:56:20]}
Rg8 {[%clk 0:39:31]} 17. Nd4 {[%clk 0:53:10]} Bc5 {[%clk 0:37:22]} 18. Nb5 {[%clk
0:48:53]} a6 {[%clk 0:33:47]} 19. Nc7 {[%clk 0:48:17]} Re7 {[%clk 0:29:35]} 20.
f5 {[%clk 0:48:27]} e5 {[%clk 0:22:27]} 21. Nxd5 {[%clk 0:48:29]} Ree8 {[%clk
0:21:47]} 22. Nc7 {[%clk 0:46:26]} Rc8 {[%clk 0:19:55]} 23. Ne6 {[%clk 0:46:36]}
Bb6 {[%clk 0:18:21]} 24. d4 {[%clk 0:45:22]} exd4 {[%clk 0:16:52]} 25. Bxd4
{[%clk 0:44:43]} Bxd4 {[%clk 0:16:17]} 26. Nxd4 {[%clk 0:44:49]} Ne5 {[%clk
0:14:03]} 27. Re4 {[%clk 0:44:31]} Rc3 {[%clk 0:12:18]} 28. Kb2 {[%clk 0:42:59]}
Rgc8 {[%clk 0:11:59]} 29. Rf2 {[%clk 0:39:03]} R3c7 {[%clk 0:11:23]} 30. Ref4
{[%clk 0:37:35]} h6 {[%clk 0:10:41]} 31. Nf3 {[%clk 0:34:54]} Nxf3 {[%clk
0:10:02]} 32. R4xf3 {[%clk 0:35:13]} Rd8 {[%clk 0:10:07]} 33. Rd3 {[%clk
0:33:46]} Rxd3 {[%clk 0:08:40]} 34. cxd3 {[%clk 0:34:09]} Ke7 {[%clk 0:08:16]}
35. Rc2 {[%clk 0:33:36]} Rd7 {[%clk 0:08:13]} 36. Kc3 {[%clk 0:33:03]} Rd6 {[%clk
0:05:45]} 37. d4 {[%clk 0:32:29]} b5 {[%clk 0:05:30]} 38. Rd2 {[%clk 0:32:23]}
Rd5 {[%clk 0:04:51]} 39. Kb4 {[%clk 0:32:03]} Kd7 {[%clk 0:04:42]} 40. Ka5 {[%clk
0:32:10]} Rd6 {[%clk 0:04:45]} 41. d5 {[%clk 0:30:43]} Kd8 {[%clk 0:04:14]} 42.
Kb4 {[%clk 0:30:47]} Ke8 {[%clk 0:02:32]} 43. Kc5 {[%clk 0:30:53]} Kd7 {[%clk
0:02:40]} 44. Re2 {[%clk 0:31:00]} a5 {[%clk 0:02:13]} 45. Re6 {[%clk 0:31:14]}
Rxe6 {[%clk 0:02:18]} 46. dxe6+ {[%clk 0:31:38]} Kc7 {[%clk 0:02:09]} 47. Kxb5
{[%clk 0:32:03]} g6 {[%clk 0:02:18]} 48. fxg6 {[%clk 0:32:16]} f5 {[%clk
0:02:36]} 49. g7 {[%clk 0:32:28]} f4 {[%clk 0:02:06]} 50. g8Q {[%clk 0:32:49]} f3
{[%clk 0:02:25]} 51. Qf7+ {[%clk 0:33:09]} Kd6 {[%clk 0:02:38]} 52. Qxf3 {[%clk
0:33:23]} a4 {[%clk 0:02:54]} 53. Qe4 {[%clk 0:33:21]} axb3 {[%clk 0:03:09]} 54.
axb3 {[%clk 0:33:42]} h5 {[%clk 0:03:31]} 55. e7 {[%clk 0:33:57]} hxg4 {[%clk
0:03:39]} 56. e8Q {[%clk 0:34:01]} g3 {[%clk 0:03:50]} 57. Q4e5# {[%clk 0:34:25]}
1-0